000
00315nam a2200121Ia 4500
008
230627s9999 xx 000 0 und d
041
_a
mar
082
_a
346.015
_b
RAO
100
_a
Rao, K P R
245
_a
Commentary On The Family Courts Act, 1984
250
_a
4ed.
260
_a
Hyderabad
_b
Gogia Law Agency
_c
2006
999
_c
688552
_d
688552